000 00275nam a2200097Ia 4500
005 20250424112926.0
008 250424s9999 xx 000 0 und d
300 _av. , 45 p. : ill. ; 28 cm.
650 _aIslam--Nigeria--Periodicals Muslims--America--Periodicals
942 _cSR
999 _c37915
_d37915